000 01719nam a2200253Ia 4500
003 Ost
005 20260507075327.0
008 260507s9999||||xx |||||||||||||| ||und||
020 _a62497099579
040 _cfsecg
041 _aara
082 _a330
100 _aالوادي، حازم محمود عيسى
_eمؤلف
245 0 _aكفاءة السياسة النقدية في الاسلام :
_bدراسة مقارنة /
_c حازم محمود عيسى الوادي
260 _aاربد:
_bعالم الكتاب الحديث,
_c2009
300 _a250 صفحة؛
_bإيضاحات ؛
_c24 سم
504 _aفهرس الجداول ص.7
520 _aتعريف الكفاءة ، السياسة النقدية التقليدية و السياسة النقدية الاسلامية ، النظام النقدي التقليدي و المصرف المركزي التقليدي ، إدارة كمية النقود و السياسة النقدية التقليدية ، النظام النقدي الاسلامي ، علاقة مقاصد الشريعة الاسلامية بالموارد المالية ، المصرف المركزي الاسلامي ، إدارة النقد الاسلامي ،أهداف و أدوات السياسة النقدية الاسلامية ،أثر كفاءة السياسة النقدية التقليدية الأردنية و السياسة النقدية الاسلامية السودانية ، مقارنة أثر السياسة النقدية الاسلامية بالتقليدية
653 _aالاقتصاد الاسلامي
653 _aالبنوك الاسلامية
653 _aالسياسة النقدية
653 _aالنقود
942 _cكتاب
999 _c43975
_d43975